Personality Disorders and their Defense Mechanism - Statistics

General Stats
  • This quiz has been taken 5 times
  • The average score is 5 of 10
Answer Stats
Hint Answer % Correct
Paranoid Projection
100%
Antisocial Acting Out
50%
Schizoid Intellectualization
50%
Schizotypal None
50%
Avoidant None
50%
Obsessive-Compulsive None
50%
Narcissistic Rationalization
50%
Borderline Regression
50%
Histrionic Dissociation
25%
Dependent Introjection
0%
No matching quizzes found
Score Distribution
Percent of People with Each Score
Percentile by Number Answered
Your Score History
You have not taken this quiz